| 000 | 01071nam a2200265 a 4500 | ||
|---|---|---|---|
| 001 | 22139 | ||
| 003 | CO-ViMGA | ||
| 008 | 141112s2004 ck r 000 u spa d | ||
| 020 | _a9586821226 | ||
| 040 |
_aCO-ViMGA _bspa _cCO-ViMGA |
||
| 082 | 0 | 4 | _a401.9 T687l |
| 100 | 1 |
_aTourtet, Lise _931497 |
|
| 245 | 1 | 0 | _aLenguaje y Pensamiento Preescolar |
| 250 | _a2 | ||
| 260 |
_aBogotá : _bAlfaomega, _c1999 |
||
| 300 | _a159p | ||
| 505 | _a¿Que es el lenguaje? 9 - - Relaciones lenguaje - pensamiento 13 - - Lugar del lenguaje en una pedagogia de investigación y toma de conciencia 17 - - Expresarse 21 - - Comunicar 31 - - Tomar conciencia 55 - - Experiencias 125 - - ¿Que piensan los niños del lenguaje? 141 | ||
| 590 | _aForma de adquisición : Compra - - Precio : 25.000 - - Proveedor : Bernalibros - - Fecha de adquisición : Octubre 2007 | ||
| 650 | 1 | 4 |
_aDESARROLLO DEL LENGUAJE _931498 |
| 650 | 1 | 4 |
_aENSEÑANZA PREESCOLAR _931499 |
| 650 | 1 | 4 | _aLENGUAJE DE LOS NIÑOS |
| 650 | 1 | 4 | _aLENGUAJE Y LENGUAS |
| 650 | 1 | 4 |
_aPSICOLINGUISTICA _92846 |
| 942 |
_2ddc _cBK |
||
| 999 |
_c30574 _d30574 |
||